El Relacionista industrial como promotor de la creatividad y la calidad de los recursos humanos /

में बचाया:
ग्रंथसूची विवरण
मुख्य लेखक: Chung Muñiz, Mónica Guadalupe (autor)
अन्य लेखक: Ovando Castro, Beryt Jessica (autor) (autor)
स्वरूप: थीसिस पुस्तक
भाषा:स्पेनिश
प्रकाशित: Guadalajara, México : edición de autor, 1996
विषय:
टैग: टैग जोड़ें
कोई टैग नहीं, इस रिकॉर्ड को टैग करने वाले पहले व्यक्ति बनें!

MARC

LEADER 00000nam^a2200000^a^4500
001 000047585
005 20250521000000.0
009 20260310090057.736
037 |a Acervo ITESO - Biblioteca 
041 |a ESP 
090 |a RID. 89 
100 |a Chung Muñiz, Mónica Guadalupe  |e (autor) 
245 1 3 |a El Relacionista industrial como promotor de la creatividad y la calidad de los recursos humanos /  |c M.G. Chung Muñiz... [et al.]. 
264 1 |a Guadalajara, México :  |b edición de autor,  |c 1996 
300 |a 100 p. 
336 |a texto  |b txt  |2 rdacontenido 
337 |a sin mediación  |b n  |2 rdamedio 
338 |a volumen  |b nc  |2 rdasoporte 
502 |a ITESO Tesis de Licenciatura en Relaciones Industriales 
649 |a XX 
650 |a Recursos Humanos -  |x Dirección 
650 |a Ciencias Administrativas 
700 |a Ovando Castro, Beryt Jessica  |e (autor) 
910 |a Fondo General 
920 |a Impresos - Tesis del ITESO 
930 |a Colección General 
905 |a 104 
901 |a 0500002856  |b IT2  |c TSS  |u 20250521 
902 |a https://opac.biblio.iteso.mx/vufind/Record/000047585